| 000 | 00618nam a22001817a 4500 | ||
|---|---|---|---|
| 999 |
_c181957 _d181957 |
||
| 005 | 20220216151428.0 | ||
| 010 | _aENG-130031 | ||
| 020 |
_c699.00 _a9789389253009 |
||
| 035 | _aEN-113563 | ||
| 037 | _bDBAD/PUB | ||
| 082 | _a306.70954 | ||
| 245 |
_aSex and the Supreme court: _bHow the Law is Upholding he Dignity of the Indian Citizen _cedited by Surabh Kirpal |
||
| 250 | _a2020 | ||
| 260 |
_bHachette Book Publishing India Pvt.Ltd _aGurugram |
||
| 270 |
_aPlot No.94, Sector 44, _bGurugram _e122003 |
||
| 300 |
_avi,345p _c21 cm (pbk) _bNotes and References |
||
| 942 |
_2ddc _cEN _h306.70954 _mKIR |
||